Statistiques concernant Pokémon-Toutes les Boutiques de la Galerie Concorde

Cliquez ici pour prendre le quiz!

Statistiques générales

  • Ce quiz a été pris 2 fois
  • Le résultat moyen est 2 sur 8

Statistiques - réponses

Boutiques% Correct
Loterie
100%
Salle de Sport
50%
Salon de Beauté
50%
Bazar
0%
Brocante
0%
Crèche
0%
Jardinerie
0%
Restaurant
0%

Distribution des résultats

Percentile par nombre de réponses

% des personnes avec chaque résultat

Votre développement - résultats

Vous n’avez pas pris ce quiz